FDI liberalisation, firm heterogeneity and foreign ownership: German firm decisions in reforming India (Record no. 89850)

000 -LEADER
fixed length control field 00514pab a2200181 454500
008 - FIXED-LENGTH DATA ELEMENTS--GENERAL INFORMATION
fixed length control field 180718b2010 xxu||||| |||| 00| 0 eng d
100 ## - MAIN ENTRY--PERSONAL NAME
Personal name Gorg, Holger
245 ## - TITLE STATEMENT
Title FDI liberalisation, firm heterogeneity and foreign ownership: German firm decisions in reforming India
260 ## - PUBLICATION, DISTRIBUTION, ETC.
Date of publication, distribution, etc. 2010
300 ## - PHYSICAL DESCRIPTION
Extent p.1367-1384.
362 ## - DATES OF PUBLICATION AND/OR SEQUENTIAL DESIGNATION
Dates of publication and/or sequential designation Sep
650 ## - SUBJECT ADDED ENTRY--TOPICAL TERM
Topical term or geographic name entry element Foreign investment
700 ## - ADDED ENTRY--PERSONAL NAME
Personal name Nunnenkamp, Peter
700 ## - ADDED ENTRY--PERSONAL NAME
Personal name Mughlen, Henning
773 ## - HOST ITEM ENTRY
Main entry heading Journal of Development Studies
908 ## - PUT COMMAND PARAMETER (RLIN)
Put command parameter N
909 ## -
-- 89850
Holdings
Withdrawn status Lost status Damaged status Not for loan Permanent Location Current Location Date acquired Serial Enumeration / chronology Barcode Date last seen Price effective from Koha item type
        Indian Institute of Public Administration Indian Institute of Public Administration 2018-07-19 Volume no: 46, Issue no: 8 AR90310 2018-07-19 2018-07-19 Articles

Powered by Koha